书目信息 |
| 题名: |
百年“陆战之王”
|
|
| 作者: | 刘向刚 , 李雄 , 张有凤 主编 | |
| 分册: | ||
| 出版信息: | 北京 国防工业出版社 2016 |
|
| 页数: | 13,372页 | |
| 开本: | 24cm | |
| 丛书名: | ||
| 单 册: | ||
| 中图分类: | E923.1-091 | |
| 科图分类: | ||
| 主题词: | 坦克--tan ke--军事史--世界 | |
| 电子资源: | ||
| ISBN: | 978-7-118-10188-1 | |
| 000 | 01050nam0 22002651 450 | |
| 001 | 1738577744 | |
| 005 | 20170627164557.0 | |
| 010 | @a978-7-118-10188-1@dCNY58.00 | |
| 100 | @a20160615d2016 em y0chiy50 ea | |
| 101 | 0 | @achi |
| 102 | @aCN@b110000 | |
| 105 | @aa z 000yy | |
| 106 | @ar | |
| 200 | 1 | @a百年“陆战之王”@9bai nian lu zhan zhi wang@e坦克发展史@f刘向刚,李雄,张有凤主编 |
| 210 | @a北京@c国防工业出版社@d2016 | |
| 215 | @a13,372页@c图@d24cm | |
| 330 | @a本书介绍了坦克的发展历史,读者可以从中了解到美国M1A1、俄罗斯T90、德国豹Ⅱ、以色列梅卡瓦、法国勒克莱尔、日本90式等世界王牌坦克的发展历史、设计背景和战技指标以及未来发展方向,同时还可以领略到“陆战之王”在硝烟弥漫的战场上的气魄与战绩。 | |
| 517 | 1 | @a坦克发展史@9tan ke fa zhan shi |
| 606 | 0 | @a坦克@9tan ke@x军事史@y世界 |
| 690 | @aE923.1-091@v5 | |
| 701 | 0 | @a刘向刚@9liu xiang gang@f(1966~)@4主编 |
| 701 | 0 | @a李雄@9li xiong@f(1975~)@4主编 |
| 701 | 0 | @a张有凤@9zhang you feng@4主编 |
| 801 | 0 | @aCN@bTANGWEI@c20170620 |
| 905 | @b1015195-200@dE923.1-091@e42@f6 | |
| 百年“陆战之王”:坦克发展史/刘向刚,李雄,张有凤主编 .-北京:国防工业出版社,2016 |
| 13,372页:图;24cm |
| ISBN 978-7-118-10188-1:CNY58.00 |
| 本书介绍了坦克的发展历史,读者可以从中了解到美国M1A1、俄罗斯T90、德国豹Ⅱ、以色列梅卡瓦、法国勒克莱尔、日本90式等世界王牌坦克的发展历史、设计背景和战技指标以及未来发展方向,同时还可以领略到“陆战之王”在硝烟弥漫的战场上的气魄与战绩。 |
| ● |
| 相关链接 |
|
|
|
|
正题名:百年"陆战之王"
索取号:E923.1-091/42
 
预约/预借
| 序号 | 登录号 | 条形码 | 馆藏地/架位号 | 状态 | 备注 |
| 1 | 1015195 | 210151958 | 第一样本阅览室/ [索取号:E923.1-091/42] | 在馆 | |
| 2 | 1015196 | 210151967 | 教育系资料室/ [索取号:E923.1-091/42] | 在馆 | |
| 3 | 1015197 | 210151976 | 教育系资料室/ [索取号:E923.1-091/42] | 在馆 | |
| 4 | 1015198 | 210151985 | 教育系资料室/ [索取号:E923.1-091/42] | 在馆 | |
| 5 | 1015199 | 210151994 | 第一借阅区/ [索取号:E923.1-091/42] | 在馆 | |
| 6 | 1015200 | 210152001 | 第一借阅区/ [索取号:E923.1-091/42] | 在馆 |